[Event "ODJM A 2017"]
[Site "Willingen GER"]
[Date "2017.06.08"]
[Round "7"]
[White "Hungeling, David"]
[Black "Khanbekyan, Areg"]
[Result "0-1"]
[Termination "normal"]
[Board "79"]
[WhiteElo "1482"]
[BlackElo "1647"]
[PlyCount "96"]
[WhiteFideId "16222440"]
[BlackFideId "12993727"]
[EventCountry "GER"]
[EventRounds "9"]
[EventType "swiss"]
[EventDate "2017.06.03"]

1. e4 c5 2. Nf3 d6 3. Bb5+ Bd7 4. Bxd7+ Qxd7 5. c4 Nf6 6. Nc3 Nc6 7. d4 cxd4 8.
Nxd4 g6 9. O-O Bg7 10. Be3 O-O 11. h3 Rfd8 12. Qd2 e6 13. Bg5 d5 14. cxd5 exd5
15. Nxc6 bxc6 16. Rfd1 dxe4 17. Qe2 Qe6 18. Rxd8+ Rxd8 19. Nxe4 Kh8 20. Qf3
Nxe4 21. Bxd8 Bxb2 22. Re1 f5 23. g4 Bd4 24. Re2 c5 25. Qd3 Qd6 26. Qf3 Qxd8
27. Qf4 Qh4 28. Rxe4 Qxf2+ 29. Qxf2 Bxf2+ 30. Kxf2 fxe4 31. Ke3 Kg7 32. Kxe4
Kf6 33. h4 Ke6 34. g5 a5 35. a4 Kd6 36. Kd3 Kd5 37. Kc3 c4 38. Kc2 Kd4 39. Kd2
c3+ 40. Kc2 Kc4 41. Kc1 Kb3 42. Kb1 Kxa4 43. Kc2 Kb4 44. Kb1 Kb3 45. h5 gxh5
46. g6 hxg6 47. Ka1 h4 48. Kb1 h3 0-1

[Event "ODJM A 2017"]
[Site "Willingen GER"]
[Date "2017.06.08"]
[Round "7"]
[White "Nimptsch, Nikolas"]
[Black "Loßin, Charlotte"]
[Result "1-0"]
[Termination "normal"]
[Board "80"]
[WhiteElo "1536"]
[BlackElo "1524"]
[PlyCount "39"]
[WhiteFideId "16245334"]
[BlackFideId "16218345"]
[EventCountry "GER"]
[EventRounds "9"]
[EventType "swiss"]
[EventDate "2017.06.03"]

1. e4 e6 2. Nf3 d5 3. Nc3 Bb4 4. Bb5+ Bd7 5. exd5 Bxb5 6. Nxb5 exd5 7. a3 Ba5
8. b4 Bb6 9. Bb2 Nf6 10. O-O O-O 11. Re1 c6 12. Nbd4 Nbd7 13. Ne5 Nxe5 14. Rxe5
Qd6 15. Nf5 Qd7 16. Qf3 Bc7 17. Re7 Qd8 18. Bxf6 Re8 19. Nh6+ Kf8 20. Rxf7# 1-0

[Event "ODJM A 2017"]
[Site "Willingen GER"]
[Date "2017.06.09"]
[Round "8"]
[White "Hartmann, Jakob"]
[Black "Reuker, Jari"]
[Result "1/2-1/2"]
[Termination "normal"]
[Board "1"]
[WhiteElo "2103"]
[BlackElo "2169"]
[WhiteClock "00:03:42"]
[BlackClock "00:24:52"]
[PlyCount "41"]
[WhiteFideId "12918067"]
[BlackFideId "12909300"]
[EventCountry "GER"]
[EventRounds "9"]
[EventType "swiss"]
[EventDate "2017.06.03"]

1. e4 {[%clk 1:30:50]} 1... c5 {[%clk 1:30:50]} 2. Nf3 {[%clk 1:31:08]} 2... e6
{[%clk 1:31:14]} 3. d4 {[%clk 1:31:21]} 3... cxd4 {[%clk 1:31:40]} 4. Nxd4 {
[%clk 1:31:41]} 4... Nc6 {[%clk 1:31:45]} 5. Nc3 {[%clk 1:31:27]} 5... Qc7 {
[%clk 1:32:10]} 6. Be3 {[%clk 1:31:10]} 6... a6 {[%clk 1:32:31]} 7. Qf3 { [%clk
1:30:23]} 7... Nf6 {[%clk 1:32:48]} 8. O-O-O {[%clk 1:30:20]} 8... h5 { [%clk
1:33:03]} 9. h3 {[%clk 1:06:27]} 9... Ne5 {[%clk 1:33:22]} 10. Qe2 { [%clk
1:05:38]} 10... Ng6 {[%clk 1:33:45]} 11. g3 {[%clk 0:50:35]} 11... b5 { [%clk
1:22:18]} 12. Bg2 {[%clk 0:44:50]} 12... Bb7 {[%clk 1:20:44]} 13. Nb3 { [%clk
0:27:30]} 13... h4 {[%clk 0:51:34]} 14. Rhe1 {[%clk 0:17:07]} 14... hxg3 {[%clk
0:48:38]} 15. fxg3 {[%clk 0:14:59]} 15... Ne5 {[%clk 0:31:02]} 16. Qf2 { [%clk
0:09:52]} 16... Rc8 {[%clk 0:26:11]} 17. Bb6 {[%clk 0:05:57]} 17... Qb8 { [%clk
0:26:39]} 18. Ba7 {[%clk 0:05:46]} 18... Qc7 {[%clk 0:25:10]} 19. Bb6 { [%clk
0:03:39]} 19... Qb8 {[%clk 0:25:39]} 20. Ba7 {[%clk 0:03:42]} 20... Qc7 { [%clk
0:24:52]} 21. Bb6 1/2-1/2

[Event "ODJM A 2017"]
[Site "Willingen GER"]
[Date "2017.06.09"]
[Round "8"]
[White "Parvanyan, Ashot"]
[Black "Koch, Yannick"]
[Result "1-0"]
[Termination "normal"]
[Board "4"]
[WhiteElo "2326"]
[BlackElo "1927"]
[WhiteClock "00:02:00"]
[BlackClock "00:04:13"]
[PlyCount "71"]
[WhiteFideId "13307550"]
[BlackFideId "24661678"]
[EventCountry "GER"]
[EventRounds "9"]
[EventType "swiss"]
[EventDate "2017.06.03"]

1. Nf3 {[%clk 1:30:31]} 1... Nf6 {[%clk 1:30:37]} 2. g3 {[%clk 1:29:09]} 2...
d5 {[%clk 1:30:04]} 3. Bg2 {[%clk 1:29:32]} 3... e6 {[%clk 1:30:04]} 4. O-O {
[%clk 1:29:39]} 4... Be7 {[%clk 1:30:26]} 5. c4 {[%clk 1:29:15]} 5... O-O {
[%clk 1:30:43]} 6. b3 {[%clk 1:28:57]} 6... d4 {[%clk 1:30:33]} 7. e3 { [%clk
1:27:29]} 7... c5 {[%clk 1:30:45]} 8. Bb2 {[%clk 1:27:18]} 8... Nc6 { [%clk
1:30:59]} 9. exd4 {[%clk 1:27:41]} 9... cxd4 {[%clk 1:31:23]} 10. Re1 { [%clk
1:27:59]} 10... Ne8 {[%clk 1:29:53]} 11. a3 {[%clk 1:23:25]} 11... a5 { [%clk
1:29:28]} 12. d3 {[%clk 1:21:08]} 12... f6 {[%clk 1:27:58]} 13. Nbd2 { [%clk
1:19:16]} 13... e5 {[%clk 1:27:16]} 14. Qc2 {[%clk 1:19:22]} 14... Be6 { [%clk
1:22:31]} 15. Rac1 {[%clk 1:14:49]} 15... Nc7 {[%clk 1:18:49]} 16. h4 { [%clk
1:01:04]} 16... Na6 {[%clk 1:07:22]} 17. Nh2 {[%clk 0:59:29]} 17... Nc5 { [%clk
1:04:37]} 18. Ne4 {[%clk 0:57:20]} 18... Qc7 {[%clk 1:01:23]} 19. f4 { [%clk
0:49:42]} 19... Rae8 {[%clk 0:45:06]} 20. Nxc5 {[%clk 0:31:01]} 20... Bxc5
{[%clk 0:45:02]} 21. Bd5 {[%clk 0:31:17]} 21... Bf7 {[%clk 0:44:11]} 22. f5
{[%clk 0:28:16]} 22... e4 {[%clk 0:41:14]} 23. Bxe4 {[%clk 0:25:44]} 23...
Qxg3+ {[%clk 0:41:21]} 24. Qg2 {[%clk 0:23:53]} 24... Qxh4 {[%clk 0:39:36]} 25.
Nf3 {[%clk 0:19:59]} 25... Qf4 {[%clk 0:39:44]} 26. Rcd1 {[%clk 0:15:20]} 26...
Kh8 {[%clk 0:37:46]} 27. Bc1 {[%clk 0:15:25]} 27... Qd6 {[%clk 0:38:10]} 28.
Kf2 {[%clk 0:04:59]} 28... Bxa3 {[%clk 0:30:33]} 29. Rg1 {[%clk 0:05:25]} 29...
Rg8 {[%clk 0:30:35]} 30. c5 {[%clk 0:05:06]} 30... Qxc5 {[%clk 0:29:34]} 31.
Qh3 {[%clk 0:03:07]} 31... h5 {[%clk 0:16:34]} 32. Bxa3 {[%clk 0:02:47]} 32...
Qxa3 {[%clk 0:17:02]} 33. Bd5 {[%clk 0:03:09]} 33... Rgf8 {[%clk 0:15:54]} 34.
Rg6 {[%clk 0:01:18]} 34... Bxd5 {[%clk 0:03:45]} 35. Qxh5+ {[%clk 0:01:40]}
35... Kg8 {[%clk 0:04:13]} 36. Rxg7+ {[%clk 0:02:00]} 1-0

[Event "ODJM A 2017"]
[Site "Willingen GER"]
[Date "2017.06.09"]
[Round "8"]
[White "Denisov, Vladislav"]
[Black "Yi, Danny"]
[Result "1/2-1/2"]
[Termination "normal"]
[Board "5"]
[WhiteElo "2172"]
[BlackElo "2066"]
[WhiteClock "00:58:04"]
[BlackClock "00:26:24"]
[PlyCount "60"]
[WhiteFideId "4100867"]
[BlackFideId "12988588"]
[EventCountry "GER"]
[EventRounds "9"]
[EventType "swiss"]
[EventDate "2017.06.03"]

1. e4 {[%clk 1:30:42]} 1... e5 {[%clk 1:30:42]} 2. Nf3 {[%clk 1:31:05]} 2...
Nf6 {[%clk 1:30:52]} 3. d3 {[%clk 1:26:53]} 3... Nc6 {[%clk 1:29:52]} 4. Nc3 {
[%clk 1:27:16]} 4... Bc5 {[%clk 1:29:15]} 5. Bg5 {[%clk 1:27:26]} 5... h6 {
[%clk 1:27:49]} 6. Be3 {[%clk 1:26:01]} 6... Bb6 {[%clk 1:25:27]} 7. Be2 {
[%clk 1:26:08]} 7... d6 {[%clk 1:23:18]} 8. h3 {[%clk 1:25:32]} 8... Be6 {
[%clk 1:21:13]} 9. d4 {[%clk 1:22:17]} 9... exd4 {[%clk 1:13:18]} 10. Nxd4 {
[%clk 1:22:38]} 10... Bd7 {[%clk 1:09:55]} 11. Qd2 {[%clk 1:21:06]} 11... Qe7 {
[%clk 1:07:41]} 12. f3 {[%clk 1:17:59]} 12... Qe5 {[%clk 0:58:39]} 13. O-O-O {
[%clk 1:16:33]} 13... Nxd4 {[%clk 0:56:48]} 14. Bxd4 {[%clk 1:16:53]} 14...
Bxd4 {[%clk 0:57:02]} 15. Qxd4 {[%clk 1:17:18]} 15... Qxd4 {[%clk 0:56:57]} 16.
Rxd4 {[%clk 1:17:42]} 16... O-O-O {[%clk 0:56:38]} 17. f4 {[%clk 1:14:37]}
17... Rhe8 {[%clk 0:53:00]} 18. Bf3 {[%clk 1:14:39]} 18... Bc6 {[%clk 0:51:19]}
19. Re1 {[%clk 1:09:26]} 19... Nd7 {[%clk 0:48:19]} 20. Rd2 {[%clk 1:06:58]}
20... Nc5 {[%clk 0:44:15]} 21. Rde2 {[%clk 1:06:33]} 21... Ne6 {[%clk 0:39:42]}
22. Bg4 {[%clk 1:06:42]} 22... Bd7 {[%clk 0:37:55]} 23. g3 {[%clk 1:05:04]}
23... Nd4 {[%clk 0:36:19]} 24. Re3 {[%clk 1:05:22]} 24... Bxg4 {[%clk 0:34:02]}
25. hxg4 {[%clk 1:04:08]} 25... Re6 {[%clk 0:33:28]} 26. f5 {[%clk 1:03:02]}
26... Re5 {[%clk 0:32:28]} 27. Nd5 {[%clk 1:01:42]} 27... f6 {[%clk 0:27:31]}
28. Nf4 {[%clk 1:01:12]} 28... Rd7 {[%clk 0:27:22]} 29. c3 {[%clk 0:57:53]}
29... Nc6 {[%clk 0:27:00]} 30. Ne6 {[%clk 0:58:04]} 30... Nd8 {[%clk 0:26:24]}
1/2-1/2

[Event "ODJM A 2017"]
[Site "Willingen GER"]
[Date "2017.06.09"]
[Round "8"]
[White "Engel, Robert"]
[Black "Sabirov, Ramil"]
[Result "1/2-1/2"]
[Termination "normal"]
[Board "6"]
[WhiteElo "1887"]
[BlackElo "2038"]
[WhiteClock "00:14:16"]
[BlackClock "00:19:41"]
[PlyCount "105"]
[WhiteFideId "12974684"]
[BlackFideId "12900303"]
[EventCountry "GER"]
[EventRounds "9"]
[EventType "swiss"]
[EventDate "2017.06.03"]

1. c4 {[%clk 1:30:59]} 1... Nf6 {[%clk 1:30:25]} 2. Nc3 {[%clk 1:31:17]} 2...
d5 {[%clk 1:30:51]} 3. cxd5 {[%clk 1:31:30]} 3... Nxd5 {[%clk 1:31:16]} 4. g3 {
[%clk 1:31:27]} 4... e5 {[%clk 1:28:03]} 5. Bg2 {[%clk 1:31:26]} 5... Nb6 {
[%clk 1:27:39]} 6. d3 {[%clk 1:30:42]} 6... Be7 {[%clk 1:25:17]} 7. Nf3 { [%clk
1:29:50]} 7... Nc6 {[%clk 1:25:29]} 8. O-O {[%clk 1:30:14]} 8... O-O { [%clk
1:25:08]} 9. a3 {[%clk 1:29:40]} 9... Be6 {[%clk 1:19:41]} 10. b4 { [%clk
1:28:30]} 10... f6 {[%clk 1:14:11]} 11. Bb2 {[%clk 1:27:29]} 11... Qd7 { [%clk
1:09:08]} 12. Rc1 {[%clk 1:26:01]} 12... a6 {[%clk 0:58:50]} 13. Ne4 { [%clk
1:22:24]} 13... Bd5 {[%clk 0:55:42]} 14. Nc5 {[%clk 1:17:12]} 14... Bxc5 {[%clk
0:56:04]} 15. Rxc5 {[%clk 1:16:03]} 15... Ne7 {[%clk 0:43:45]} 16. Qc2 { [%clk
1:08:11]} 16... Rfc8 {[%clk 0:41:36]} 17. Rc1 {[%clk 0:53:51]} 17... c6 { [%clk
0:35:41]} 18. e4 {[%clk 0:53:06]} 18... Bf7 {[%clk 0:34:33]} 19. d4 { [%clk
0:52:15]} 19... exd4 {[%clk 0:32:40]} 20. Bxd4 {[%clk 0:48:39]} 20... Re8
{[%clk 0:30:43]} 21. Rc3 {[%clk 0:44:21]} 21... Qc7 {[%clk 0:27:59]} 22. Be3 {
[%clk 0:42:42]} 22... Nd7 {[%clk 0:25:26]} 23. Bf4 {[%clk 0:38:38]} 23... Ne5 {
[%clk 0:24:04]} 24. Bxe5 {[%clk 0:37:03]} 24... fxe5 {[%clk 0:24:29]} 25. Ng5 {
[%clk 0:37:08]} 25... Ng6 {[%clk 0:18:03]} 26. Rf3 {[%clk 0:34:38]} 26... Nh8 {
[%clk 0:14:21]} 27. Bf1 {[%clk 0:33:01]} 27... Re7 {[%clk 0:12:57]} 28. Rd1 {
[%clk 0:26:56]} 28... h6 {[%clk 0:12:06]} 29. Nxf7 {[%clk 0:27:12]} 29... Nxf7
{[%clk 0:12:29]} 30. Bc4 {[%clk 0:23:59]} 30... Kh8 {[%clk 0:12:12]} 31. Bxf7 {
[%clk 0:17:53]} 31... Rxf7 {[%clk 0:12:37]} 32. Rxf7 {[%clk 0:15:47]} 32...
Qxf7 {[%clk 0:10:46]} 33. Rd3 {[%clk 0:15:58]} 33... Re8 {[%clk 0:07:52]} 34.
Qd2 {[%clk 0:15:47]} 34... Re7 {[%clk 0:07:38]} 35. Rd8+ {[%clk 0:15:04]} 35...
Kh7 {[%clk 0:07:10]} 36. Qd6 {[%clk 0:13:28]} 36... Qf6 {[%clk 0:05:48]} 37.
Qb8 {[%clk 0:11:56]} 37... Rf7 {[%clk 0:05:05]} 38. Rd2 {[%clk 0:09:12]} 38...
Qe7 {[%clk 0:04:45]} 39. Kg2 {[%clk 0:04:10]} 39... Qf6 {[%clk 0:04:21]} 40.
Kg1 {[%clk 0:03:34]} 40... Qe7 {[%clk 0:04:46]} 41. Qc8 {[%clk 0:27:54]} 41...
Qc7 {[%clk 0:32:17]} 42. Qxc7 {[%clk 0:21:25]} 42... Rxc7 {[%clk 0:32:42]} 43.
f3 {[%clk 0:20:45]} 43... Kg6 {[%clk 0:27:31]} 44. Kf2 {[%clk 0:20:21]} 44...
c5 {[%clk 0:25:12]} 45. Rd6+ {[%clk 0:17:11]} 45... Kf7 {[%clk 0:25:16]} 46.
bxc5 {[%clk 0:17:12]} 46... Rxc5 {[%clk 0:25:20]} 47. Rd7+ {[%clk 0:17:03]}
47... Kf8 {[%clk 0:22:55]} 48. Rxb7 {[%clk 0:17:00]} 48... Rc2+ {[%clk 0:22:38]
} 49. Kg1 {[%clk 0:16:51]} 49... Rc3 {[%clk 0:22:21]} 50. a4 {[%clk 0:15:03]}
50... Rxf3 {[%clk 0:19:05]} 51. Ra7 {[%clk 0:14:40]} 51... Re3 {[%clk 0:19:16]}
52. Rxa6 {[%clk 0:14:55]} 52... Rxe4 {[%clk 0:19:41]} 53. Kf2 {[%clk 0:14:16]}
1/2-1/2

[Event "ODJM A 2017"]
[Site "Willingen GER"]
[Date "2017.06.09"]
[Round "8"]
[White "Meulner, Fabian"]
[Black "Seregina, Maria"]
[Result "1-0"]
[Termination "normal"]
[Board "7"]
[WhiteElo "1969"]
[BlackElo "1829"]
[WhiteClock "00:18:37"]
[BlackClock "00:05:49"]
[PlyCount "53"]
[WhiteFideId "12913936"]
[BlackFideId "24178853"]
[EventCountry "GER"]
[EventRounds "9"]
[EventType "swiss"]
[EventDate "2017.06.03"]

1. e4 {[%clk 1:30:56]} 1... c6 {[%clk 1:30:54]} 2. d4 {[%clk 1:31:22]} 2... d5
{[%clk 1:31:19]} 3. e5 {[%clk 1:25:39]} 3... c5 {[%clk 1:26:40]} 4. dxc5 {
[%clk 1:24:51]} 4... e6 {[%clk 1:26:00]} 5. a3 {[%clk 1:25:01]} 5... a5 { [%clk
1:22:55]} 6. Qg4 {[%clk 1:11:20]} 6... Nd7 {[%clk 1:06:50]} 7. Bb5 { [%clk
1:10:23]} 7... Qc7 {[%clk 1:06:45]} 8. Nf3 {[%clk 1:07:55]} 8... Qxc5 { [%clk
1:05:50]} 9. c4 {[%clk 1:06:45]} 9... h5 {[%clk 0:46:34]} 10. Qf4 { [%clk
1:03:54]} 10... Ne7 {[%clk 0:45:33]} 11. Nc3 {[%clk 0:51:55]} 11... Ng6 { [%clk
0:43:43]} 12. Qg3 {[%clk 0:49:39]} 12... dxc4 {[%clk 0:38:31]} 13. Be3 { [%clk
0:43:22]} 13... Qc7 {[%clk 0:37:19]} 14. O-O {[%clk 0:32:51]} 14... h4 { [%clk
0:32:27]} 15. Qg4 {[%clk 0:30:54]} 15... Ngxe5 {[%clk 0:31:54]} 16. Nxe5 {[%clk
0:30:47]} 16... Qxe5 {[%clk 0:32:19]} 17. Bd4 {[%clk 0:30:26]} 17... Qh5 {[%clk
0:32:22]} 18. Qe4 {[%clk 0:29:14]} 18... Qh7 {[%clk 0:22:51]} 19. Qf3 { [%clk
0:23:04]} 19... Qd3 {[%clk 0:19:30]} 20. Bxd7+ {[%clk 0:22:57]} 20... Kxd7
{[%clk 0:13:28]} 21. Qxf7+ {[%clk 0:23:08]} 21... Kc6 {[%clk 0:13:47]} 22. Rad1
{[%clk 0:21:28]} 22... Qf5 {[%clk 0:13:10]} 23. Qe8+ {[%clk 0:21:08]} 23... Bd7
{[%clk 0:08:10]} 24. Qxa8 {[%clk 0:20:33]} 24... h3 {[%clk 0:07:40]} 25. Qa7
{[%clk 0:19:15]} 25... Kc7 {[%clk 0:06:50]} 26. Rfe1 {[%clk 0:18:58]} 26... Qg4
{[%clk 0:05:49]} 27. Be5+ {[%clk 0:18:37]} 1-0

[Event "ODJM A 2017"]
[Site "Willingen GER"]
[Date "2017.06.09"]
[Round "8"]
[White "Isler, Benjamin"]
[Black "Arndt, Magnus"]
[Result "1/2-1/2"]
[Termination "normal"]
[Board "9"]
[WhiteElo "1740"]
[BlackElo "2017"]
[WhiteClock "00:53:58"]
[BlackClock "00:08:12"]
[PlyCount "112"]
[WhiteFideId "12975478"]
[BlackFideId "12998656"]
[EventCountry "GER"]
[EventRounds "9"]
[EventType "swiss"]
[EventDate "2017.06.03"]

1. e4 {[%clk 1:30:34]} 1... e5 {[%clk 1:30:55]} 2. Nf3 {[%clk 1:30:58]} 2... d6
{[%clk 1:31:21]} 3. d4 {[%clk 1:30:15]} 3... exd4 {[%clk 1:30:51]} 4. Nxd4 {
[%clk 1:30:37]} 4... Nf6 {[%clk 1:31:19]} 5. Nc3 {[%clk 1:30:39]} 5... Be7 {
[%clk 1:31:36]} 6. Bf4 {[%clk 1:29:02]} 6... O-O {[%clk 1:30:58]} 7. Qd2 {
[%clk 1:28:59]} 7... a6 {[%clk 1:30:31]} 8. O-O-O {[%clk 1:27:34]} 8... b5 {
[%clk 1:28:40]} 9. f3 {[%clk 1:26:46]} 9... Re8 {[%clk 1:14:32]} 10. g4 { [%clk
1:26:04]} 10... b4 {[%clk 1:08:15]} 11. Nd5 {[%clk 1:25:22]} 11... Nxd5 { [%clk
1:05:20]} 12. exd5 {[%clk 1:25:05]} 12... a5 {[%clk 1:04:35]} 13. h4 { [%clk
1:24:24]} 13... Bb7 {[%clk 1:02:36]} 14. Nf5 {[%clk 1:20:19]} 14... Nd7 { [%clk
1:00:35]} 15. g5 {[%clk 1:19:13]} 15... Nb6 {[%clk 0:58:43]} 16. Qd4 { [%clk
1:16:50]} 16... Bf8 {[%clk 0:58:11]} 17. Bb5 {[%clk 1:14:53]} 17... Nxd5 {[%clk
0:55:29]} 18. Bxe8 {[%clk 1:13:34]} 18... Qxe8 {[%clk 0:55:58]} 19. h5 { [%clk
1:06:42]} 19... Qe6 {[%clk 0:52:07]} 20. Nh6+ {[%clk 1:04:57]} 20... gxh6
{[%clk 0:39:42]} 21. gxh6 {[%clk 1:03:22]} 21... Bxh6 {[%clk 0:38:31]} 22. Bxh6
{[%clk 0:57:18]} 22... Qxh6+ {[%clk 0:37:48]} 23. Kb1 {[%clk 0:57:43]} 23...
Nf4 {[%clk 0:29:10]} 24. Rhg1+ {[%clk 0:55:50]} 24... Kf8 {[%clk 0:29:00]} 25.
Qe3 {[%clk 0:48:36]} 25... Qf6 {[%clk 0:28:07]} 26. Rg4 {[%clk 0:43:18]} 26...
Ne6 {[%clk 0:25:00]} 27. Re1 {[%clk 0:38:09]} 27... Ke7 {[%clk 0:18:16]} 28.
Rf4 {[%clk 0:37:35]} 28... Qe5 {[%clk 0:17:49]} 29. Qd2 {[%clk 0:34:44]} 29...
Nxf4 {[%clk 0:16:43]} 30. Rxe5+ {[%clk 0:34:46]} 30... dxe5 {[%clk 0:17:12]}
31. Qe3 {[%clk 0:34:38]} 31... Ne6 {[%clk 0:17:38]} 32. Qxe5 {[%clk 0:34:06]}
32... Bxf3 {[%clk 0:17:20]} 33. Qf5 {[%clk 0:33:56]} 33... Bc6 {[%clk 0:16:05]}
34. Qxh7 {[%clk 0:34:10]} 34... Rd8 {[%clk 0:15:39]} 35. b3 {[%clk 0:33:51]}
35... Rd4 {[%clk 0:12:53]} 36. Qf5 {[%clk 0:33:37]} 36... a4 {[%clk 0:12:04]}
37. bxa4 {[%clk 0:29:30]} 37... Bxa4 {[%clk 0:12:11]} 38. Qa5 {[%clk 0:29:34]}
38... Bc6 {[%clk 0:11:25]} 39. h6 {[%clk 0:28:09]} 39... Rh4 {[%clk 0:11:33]}
40. h7 {[%clk 0:28:30]} 40... Rxh7 {[%clk 0:10:13]} 41. Qxb4+ {[%clk 0:28:53]}
41... Kd7 {[%clk 0:09:42]} 42. Qc4 {[%clk 0:26:02]} 42... Rh1+ {[%clk 0:08:42]}
43. Kb2 {[%clk 0:26:29]} 43... Rd1 {[%clk 0:08:38]} 44. a4 {[%clk 0:25:37]}
44... f5 {[%clk 0:26:12]} 45. a5 {[%clk 0:56:31]} 45... f4 {[%clk 0:26:39]} 46.
a6 {[%clk 0:56:56]} 46... f3 {[%clk 0:26:57]} 47. a7 {[%clk 0:57:19]} 47... f2
{[%clk 0:26:03]} 48. Qxc6+ {[%clk 0:57:45]} 48... Kxc6 {[%clk 0:26:32]} 49.
a8=Q+ {[%clk 0:58:03]} 49... Kb6 {[%clk 0:16:23]} 50. Qb8+ {[%clk 0:57:22]}
50... Ka6 {[%clk 0:16:27]} 51. Qa8+ {[%clk 0:55:01]} 51... Kb6 {[%clk 0:15:26]}
52. Qb8+ {[%clk 0:55:21]} 52... Kc6 {[%clk 0:11:11]} 53. Qa8+ {[%clk 0:55:16]}
53... Kd7 {[%clk 0:11:02]} 54. Qa4+ {[%clk 0:55:12]} 54... Kd6 {[%clk 0:08:21]}
55. Qa3+ {[%clk 0:54:07]} 55... Kd7 {[%clk 0:08:12]} 56. Qa4+ {[%clk 0:53:58]}
56... Kd6 1/2-1/2

[Event "ODJM A 2017"]
[Site "Willingen GER"]
[Date "2017.06.09"]
[Round "8"]
[White "Wübker, Paul-Luca"]
[Black "Holtel, Jasper"]
[Result "1-0"]
[Termination "normal"]
[Board "10"]
[BlackTitle "FM"]
[WhiteElo "1806"]
[BlackElo "2297"]
[WhiteClock "00:18:09"]
[BlackClock "00:11:31"]
[PlyCount "81"]
[WhiteFideId "12939528"]
[BlackFideId "12956376"]
[EventCountry "GER"]
[EventRounds "9"]
[EventType "swiss"]
[EventDate "2017.06.03"]

1. d4 {[%clk 1:30:57]} 1... Nf6 {[%clk 1:26:17]} 2. c4 {[%clk 1:31:03]} 2... g6
{[%clk 1:12:28]} 3. Nc3 {[%clk 1:29:59]} 3... d5 {[%clk 1:12:36]} 4. cxd5 {
[%clk 1:30:18]} 4... Nxd5 {[%clk 1:13:02]} 5. e4 {[%clk 1:30:38]} 5... Nxc3 {
[%clk 1:13:27]} 6. bxc3 {[%clk 1:31:00]} 6... Bg7 {[%clk 1:13:53]} 7. Bc4 {
[%clk 1:31:20]} 7... c5 {[%clk 1:14:17]} 8. Ne2 {[%clk 1:31:43]} 8... O-O {
[%clk 1:14:37]} 9. O-O {[%clk 1:32:06]} 9... Nc6 {[%clk 1:15:01]} 10. Be3 {
[%clk 1:30:59]} 10... Bg4 {[%clk 1:15:14]} 11. f3 {[%clk 1:31:18]} 11... Bd7 {
[%clk 1:15:40]} 12. Rb1 {[%clk 1:31:26]} 12... Qc7 {[%clk 1:16:02]} 13. Qd2 {
[%clk 1:29:34]} 13... Rad8 {[%clk 1:14:26]} 14. Bf4 {[%clk 1:27:37]} 14... Qc8
{[%clk 1:13:48]} 15. Rfc1 {[%clk 1:21:37]} 15... a6 {[%clk 1:09:51]} 16. Rb6 {
[%clk 1:15:06]} 16... Na5 {[%clk 1:01:39]} 17. Bd3 {[%clk 1:13:37]} 17... e5 {
[%clk 1:00:52]} 18. Bg5 {[%clk 1:13:39]} 18... f6 {[%clk 1:00:52]} 19. Bh4 {
[%clk 1:13:38]} 19... Qc7 {[%clk 0:59:51]} 20. Rcb1 {[%clk 1:13:06]} 20... Bb5
{[%clk 0:53:29]} 21. Re6 {[%clk 0:58:28]} 21... Qd7 {[%clk 0:51:04]} 22. Rb6 {
[%clk 0:54:28]} 22... Qc7 {[%clk 0:49:43]} 23. Re6 {[%clk 0:54:10]} 23... c4 {
[%clk 0:49:16]} 24. Bc2 {[%clk 0:54:01]} 24... Bd7 {[%clk 0:49:24]} 25. Reb6 {
[%clk 0:53:48]} 25... Bb5 {[%clk 0:49:41]} 26. Re6 {[%clk 0:54:03]} 26... Qc8 {
[%clk 0:26:00]} 27. Rb6 {[%clk 0:43:49]} 27... Qc5 {[%clk 0:25:50]} 28. Re6 {
[%clk 0:40:49]} 28... Qc8 {[%clk 0:26:09]} 29. Rb6 {[%clk 0:40:46]} 29... Qc5 {
[%clk 0:26:32]} 30. Re6 {[%clk 0:39:58]} 30... Kf7 {[%clk 0:25:47]} 31. Bf2 {
[%clk 0:32:26]} 31... Qa3 {[%clk 0:15:41]} 32. d5 {[%clk 0:17:33]} 32... Rfe8 {
[%clk 0:11:20]} 33. Bb6 {[%clk 0:16:37]} 33... Rd7 {[%clk 0:11:33]} 34. Rxe8 {
[%clk 0:16:45]} 34... Kxe8 {[%clk 0:11:55]} 35. Qc1 {[%clk 0:16:50]} 35... Qxa2
{[%clk 0:11:20]} 36. Ra1 {[%clk 0:17:05]} 36... Nb3 {[%clk 0:11:30]} 37. Rxa2 {
[%clk 0:17:26]} 37... Nxc1 {[%clk 0:11:52]} 38. Nxc1 {[%clk 0:17:50]} 38... h5
{[%clk 0:10:48]} 39. Ba4 {[%clk 0:17:47]} 39... Bh6 {[%clk 0:11:06]} 40. Ne2 {
[%clk 0:17:57]} 40... Rd6 {[%clk 0:11:31]} 41. Bc5 {[%clk 0:18:09]} 1-0